Cuentos infantiles

Uloženo v:
Podrobná bibliografie
Médium: Text
Tagy: Přidat tag
Žádné tagy, Buďte první, kdo vytvoří štítek k tomuto záznamu!

MARC

LEADER 00000 a a2200000 04500
001 45679
003
040
245 |a Cuentos infantiles  
773 |g número505 ( , 2012), 122 páginas  
999 |c 30878  |d 30878